[Event "Trujillo Real CC 8th"]
[Site "Trujillo"]
[Date "2025.06.21"]
[Round "3"]
[White "Garzon Zapatanga, Christopher Leonel"]
[Black "Vasquez Vargas, Henry Richard"]
[Result "1/2-1/2"]
[WhiteElo "2155"]
[BlackElo "2169"]
[PlyCount "89"]
[EventDate "2025.06.20"]
[EventType "tourn"]
[EventRounds "9"]
[EventCountry "PER"]
[EventCategory "2"]
[SourceTitle "CB27_2025"]
[SourceDate "2025.07.02"]
[SourceVersion "1"]
[SourceVersionDate "2025.07.02"]
[SourceQuality "1"]

1. e4 c5 2. Nf3 d6 3. d4 cxd4 4. Nxd4 Nf6 5. Nc3 a6 6. Be2 e6 7. Be3 Be7 8. a4 0-0 9. 0-0 Nc6 10. f4 Qc7 11. Nb3 b6 12. Bf3 Rb8 13. Qe2 Nb4 14. Kh1 Re8 15. Qf2 Nd7 16. Rad1 Bb7 17. Rd4 Nc6 18. Rd2 Nc5 19. Rfd1 Red8 20. Nd4 Nxd4 21. Bxd4 Bc6 22. b3 Qb7 23. f5 e5 24. Bxc5 dxc5 25. Nd5 Bxd5 26. Rxd5 Qc7 27. Be2 b5 28. axb5 axb5 29. Qf1 Rxd5 30. Rxd5 c4 31. g3 cxb3 32. cxb3 b4 33. Bc4 Rd8 34. Qd3 g6 35. Kg2 Kg7 36. h4 Rd6 37. Kh3 Qd8 38. f6+ Kxf6 39. Qf3+ Kg7 40. Rxd6 Bxd6 41. Qxf7+ Kh8 42. h5 Qf8 43. hxg6 Qh6+ 44. Kg2 Qxg6 45. Qxg6 1/2-1/2

[Event "Trujillo Real CC 8th"]
[Site "Trujillo"]
[Date "2025.06.20"]
[Round "1"]
[White "Garzon Zapatanga, Christopher Leonel"]
[Black "Perez Gormaz, Matias Ariel"]
[Result "1-0"]
[WhiteElo "2155"]
[BlackElo "2408"]
[PlyCount "113"]
[EventDate "2025.06.20"]
[EventType "tourn"]
[EventRounds "9"]
[EventCountry "PER"]
[EventCategory "2"]
[SourceTitle "CB27_2025"]
[SourceDate "2025.07.02"]
[SourceVersion "1"]
[SourceVersionDate "2025.07.02"]
[SourceQuality "1"]

1. e4 c5 2. Nf3 d6 3. d4 cxd4 4. Nxd4 Nf6 5. Nc3 a6 6. Be3 e5 7. Nf3 Be7 8. Bc4 0-0 9. 0-0 Nc6 10. Re1 Be6 11. Nd5 b5 12. Nxf6+ Bxf6 13. Bd5 Bxd5 14. Qxd5 Ne7 15. Qd3 Qc7 16. a4 b4 17. a5 Qc6 18. Rad1 Rfd8 19. Bb6 Rd7 20. Qb3 Qb5 21. c4 bxc3 22. Qxc3 d5 23. exd5 Nxd5 24. Qc5 e4 25. Qxb5 axb5 26. Rxe4 Nxb6 27. Rde1 h6 28. axb6 Bxb2 29. Re7 Rdd8 30. Ne5 Bc3 31. Rb1 Ra6 32. Nc6 Rf8 33. Rc7 Bf6 34. b7 Rb6 35. b8Q Rfxb8 36. Nxb8 Rxb8 37. Rb4 Rd8 38. g3 Rd5 39. Rb7 Rd2 40. R4xb5 g6 41. Rb3 h5 42. Rf3 Kg7 43. h4 Ra2 44. Rd7 Ra5 45. Kg2 Rb5 46. Rfd3 Rb6 47. Ra3 Bb2 48. Raa7 Rf6 49. Rab7 Ba1 50. Rb3 Ra6 51. Kh3 Rf6 52. f3 Ra6 53. g4 Ra5 54. Rbb7 hxg4+ 55. fxg4 Ra3+ 56. Kg2 Ra2+ 57. Kf1 1-0

[Event "Titled Tuesday intern op 03rd Jan Late"]
[Site "Chess.com INT"]
[Date "2025.06.03"]
[Round "1"]
[White "Garzon Zapatanga, Christopher Leonel"]
[Black "Arya, G Mallar"]
[Result "1-0"]
[WhiteElo "2168"]
[BlackElo "2014"]
[PlyCount "49"]
[EventDate "2025.06.03"]
[EventType "swiss (blitz)"]
[EventRounds "11"]
[EventCountry "USA"]
[SourceTitle "CB24_2025"]
[SourceDate "2025.06.11"]
[SourceVersion "1"]
[SourceVersionDate "2025.06.11"]
[SourceQuality "1"]

1. b3 Nf6 2. Bb2 c5 3. e3 Nc6 4. Nf3 g6 5. c4 Bg7 6. Be2 0-0 7. 0-0 b6 8. d4 cxd4 9. Nxd4 Bb7 10. Bf3 Rc8 11. Nd2 d5 12. cxd5 Nxd5 13. Nxc6 Bxc6 14. Bxg7 Kxg7 15. Rc1 e6 16. Nc4 Qe7 17. Qd4+ Kg8 18. Ne5 Ba8 19. Ng4 f6 20. Rxc8 Rxc8 21. Bxd5 Bxd5 22. Nxf6+ Kf8 23. Nxd5 exd5 24. Qh8+ Kf7 25. Qxc8 1-0

[Event "Titled Tuesday intern op 03rd Jan Late"]
[Site "Chess.com INT"]
[Date "2025.06.03"]
[Round "2"]
[White "Garzon Zapatanga, Christopher Leonel"]
[Black "Schnaider, Ilan"]
[Result "1/2-1/2"]
[WhiteElo "2168"]
[BlackElo "2388"]
[PlyCount "89"]
[EventDate "2025.06.03"]
[EventType "swiss (blitz)"]
[EventRounds "11"]
[EventCountry "USA"]
[SourceTitle "CB24_2025"]
[SourceDate "2025.06.11"]
[SourceVersion "1"]
[SourceVersionDate "2025.06.11"]
[SourceQuality "1"]

1. b3 e5 2. Bb2 Nc6 3. e3 d5 4. Bb5 Nge7 5. Nf3 e4 6. Nd4 Bd7 7. Bxc6 Nxc6 8. c4 Nxd4 9. Bxd4 c6 10. Nc3 Qg5 11. Qc2 Ba3 12. cxd5 cxd5 13. Rg1 Rc8 14. b4 Bxb4 15. Qb3 Bxc3 16. Bxc3 0-0 17. Qxb7 Bg4 18. Qxa7 Bh5 19. g4 Bg6 20. Qd4 f6 21. h4 Qxh4 22. Qxd5+ Kh8 23. Rb1 Qh2 24. Rf1 Bf7 25. Qd7 Rc7 26. Qf5 Bc4 27. Qxe4 Bxf1 28. Kxf1 Rfc8 29. Rb6 Rc4 30. Qe7 Qh3+ 31. Ke1 Qxg4 32. Rb7 Qg1+ 33. Ke2 Qg4+ 34. Ke1 Qg6 35. Rd7 h6 36. Qe6 Kh7 37. Bxf6 R8c6 38. Rxg7+ Qxg7 39. Qf5+ Qg6 40. Qd7+ Kg8 41. Qd8+ Kf7 42. Qe7+ Kg8 43. Qd8+ Kh7 44. Qe7+ Kg8 45. Qd8+ 1/2-1/2

[Event "Titled Tuesday intern op 04th Mar Early"]
[Site "Chess.com INT"]
[Date "2025.03.04"]
[Round "5"]
[White "Dowgird, Filip"]
[Black "Garzon Zapatanga, Christopher Leonel"]
[Result "0-1"]
[WhiteElo "2348"]
[BlackElo "2221"]
[PlyCount "78"]
[EventDate "2025.03.04"]
[EventType "swiss (blitz)"]
[EventRounds "11"]
[EventCountry "USA"]
[SourceTitle "CB11_2025"]
[SourceDate "2025.03.12"]
[SourceVersion "1"]
[SourceVersionDate "2025.03.12"]
[SourceQuality "1"]

1. d4 Nf6 2. Bg5 e6 3. Nd2 d5 4. c3 Be7 5. Ngf3 b6 6. e3 Bb7 7. Bd3 Nbd7 8. Qb1 c5 9. a4 h6 10. Bh4 Qc7 11. Bg3 Bd6 12. 0-0 0-0 13. b4 e5 14. bxc5 bxc5 15. dxe5 Nxe5 16. Nxe5 Bxe5 17. Bxe5 Qxe5 18. Qxb7 Qxc3 19. Qa6 Qxd2 20. Rfd1 Qb4 21. Rab1 Qh4 22. g3 Qg5 23. h4 Qe5 24. Qa5 Rfc8 25. Ba6 Rc7 26. Rbc1 Ne4 27. Rxd5 Qxd5 28. Qxc7 Qa2 29. Qf4 Qb2 30. Rd1 Nf6 31. Bc4 Re8 32. Qc7 Rf8 33. Rd8 Rxd8 34. Qxd8+ Kh7 35. Bxf7 Qa1+ 36. Kg2 Qxa4 37. Qc8 Qe4+ 38. Kg1 Qe5 39. Qc7 Qxc7 0-1

[Event "Titled Tuesday intern op 04th Mar Early"]
[Site "Chess.com INT"]
[Date "2025.03.04"]
[Round "2"]
[White "Garzon Zapatanga, Christopher Leonel"]
[Black "Abbasova, Aiguioun"]
[Result "1-0"]
[WhiteElo "2221"]
[BlackElo "2170"]
[PlyCount "85"]
[EventDate "2025.03.04"]
[EventType "swiss (blitz)"]
[EventRounds "11"]
[EventCountry "USA"]
[SourceTitle "CB11_2025"]
[SourceDate "2025.03.12"]
[SourceVersion "1"]
[SourceVersionDate "2025.03.12"]
[SourceQuality "1"]

1. e4 c5 2. Nf3 d6 3. Bc4 Nf6 4. e5 dxe5 5. Nxe5 e6 6. Qe2 Nbd7 7. Nxf7 Qe7 8. Nxh8 Nb6 9. Bb5+ Bd7 10. a4 0-0-0 11. Nc3 g6 12. d3 Bg7 13. Nxg6 hxg6 14. Be3 Nbd5 15. Bd2 Nb4 16. Rc1 Rh8 17. h3 Qd6 18. Bxd7+ Qxd7 19. 0-0 Nc6 20. Be3 b6 21. Rcd1 Re8 22. Ne4 Nd5 23. c3 Rf8 24. Qg4 Ne5 25. Qg3 Ne7 26. d4 Nf5 27. dxe5 Nxg3 28. Rxd7 Ne2+ 29. Kh2 Kxd7 30. g3 Bxe5 31. Re1 Nxg3 32. fxg3 Kc6 33. Kg2 a6 34. b3 Rd8 35. Kf3 Bg7 36. Ke2 Rh8 37. h4 Bf8 38. Rd1 Be7 39. Bf4 b5 40. Bd6 Bd8 41. Be5 bxa4 42. Bxh8 Be7 43. bxa4 1-0

[Event "Titled Tuesday intern op 04th Mar Early"]
[Site "Chess.com INT"]
[Date "2025.03.04"]
[Round "1"]
[White "Mikhailovsky, Vladimir"]
[Black "Garzon Zapatanga, Christopher Leonel"]
[Result "1-0"]
[WhiteElo "2215"]
[BlackElo "2221"]
[PlyCount "165"]
[EventDate "2025.03.04"]
[EventType "swiss (blitz)"]
[EventRounds "11"]
[EventCountry "USA"]
[SourceTitle "CB11_2025"]
[SourceDate "2025.03.12"]
[SourceVersion "1"]
[SourceVersionDate "2025.03.12"]
[SourceQuality "1"]

1. e4 c5 2. c3 d5 3. exd5 Qxd5 4. d4 Nc6 5. Nf3 Bg4 6. Be2 e6 7. 0-0 Nf6 8. Be3 cxd4 9. Nxd4 Bxe2 10. Qxe2 Nxd4 11. Bxd4 Be7 12. Nd2 0-0 13. Nf3 Rfd8 14. Rfd1 Qe4 15. Kf1 b6 16. Ne5 Qb7 17. a4 Nd5 18. Qf3 f6 19. Nd3 e5 20. Be3 Qa6 21. Kg1 Rac8 22. Nc5 Bxc5 23. Rxd5 Qc4 24. Rad1 Rxd5 25. Qxd5+ Qxd5 26. Rxd5 Bxe3 27. fxe3 Rc7 28. Kf2 Kf7 29. Rd8 Ke7 30. Ra8 Kd6 31. Ke2 Kd5 32. Kd3 e4+ 33. Kc2 Ke5 34. b4 Rd7 35. c4 Rd3 36. Rxa7 Rxe3 37. Rxg7 Ra3 38. a5 bxa5 39. b5 e3 40. b6 Kd4 41. b7 Ra2+ 42. Kb1 e2 43. Re7 Rd2 44. b8Q Rd1+ 45. Kc2 e1Q 46. Rxe1 Rxe1 47. Qf4+ Re4 48. Qxf6+ Kxc4 49. Qf7+ Kd4 50. Qd7+ Ke3 51. Qxh7 Rc4+ 52. Kb3 Rb4+ 53. Kc3 Kf2 54. g4 Rxg4 55. Qf5+ Kg2 56. Qxg4+ Kxh2 57. Kb3 a4+ 58. Ka3 Kh1 59. Kxa4 Kh2 60. Ka5 Kh1 61. Ka6 Kh2 62. Ka7 Kh1 63. Ka8 Kh2 64. Kb8 Kh1 65. Kc8 Kh2 66. Kd8 Kh1 67. Ke8 Kh2 68. Kf8 Kh1 69. Kg8 Kh2 70. Kh8 Kh1 71. Kg7 Kh2 72. Kf6 Kh1 73. Ke5 Kh2 74. Kd4 Kh1 75. Kc3 Kh2 76. Kb2 Kh1 77. Ka1 Kh2 78. Kb1 Kh1 79. Kc1 Kh2 80. Kd1 Kh1 81. Ke1 Kh2 82. Kf2 Kh1 83. Qg2# 1-0

[Event "Wch U18"]
[Site "Florianopolis"]
[Date "2024.11.02"]
[Round "5"]
[White "Chen, Yuan1"]
[Black "Garzon Zapatanga, Christopher Leonel"]
[Result "1-0"]
[WhiteElo "2355"]
[BlackElo "2253"]
[PlyCount "49"]
[EventDate "2024.10.29"]
[EventType "swiss"]
[EventRounds "11"]
[EventCountry "BRA"]
[SourceTitle "CB45_2024"]
[Source "ChessBase"]
[SourceDate "2024.11.06"]
[SourceVersion "1"]
[SourceVersionDate "2024.11.06"]
[SourceQuality "1"]

1. d4 Nf6 2. c4 c5 3. d5 b5 4. cxb5 a6 5. bxa6 d6 6. Nc3 Bxa6 7. e4 Bxf1 8. Kxf1 g6 9. g3 Bg7 10. Kg2 0-0 11. Nf3 Nbd7 12. h3 Qa5 13. Re1 Ne8 14. Bg5 Qd8 15. Qd2 Nc7 16. Bh6 Nb8 17. b3 Qd7 18. e5 dxe5 19. Bxg7 Kxg7 20. Nxe5 Qf5 21. Rad1 e6 22. Ng4 f6 23. dxe6 Nxe6 24. Qh6+ Kg8 25. Qe3 1-0

[Event "Wch U18"]
[Site "Florianopolis"]
[Date "2024.10.31"]
[Round "3"]
[White "Bai, Adelard"]
[Black "Garzon Zapatanga, Christopher Leonel"]
[Result "1-0"]
[WhiteElo "2389"]
[BlackElo "2253"]
[PlyCount "105"]
[EventDate "2024.10.29"]
[EventType "swiss"]
[EventRounds "11"]
[EventCountry "BRA"]
[SourceTitle "CB45_2024"]
[Source "ChessBase"]
[SourceDate "2024.11.06"]
[SourceVersion "1"]
[SourceVersionDate "2024.11.06"]
[SourceQuality "1"]

1. d4 Nf6 2. c4 g6 3. Nc3 Bg7 4. e4 d6 5. Be2 0-0 6. Be3 e5 7. d5 Nbd7 8. h4 Nc5 9. Qc2 a5 10. h5 Ng4 11. Bxg4 Bxg4 12. f3 Bd7 13. Nge2 f5 14. 0-0-0 b6 15. hxg6 hxg6 16. Rh2 f4 17. Bf2 Qf6 18. Rdh1 g5 19. Bxc5 bxc5 20. Nb5 Rfc8 21. Kb1 g4 22. Rh4 Qg6 23. Nec3 Bf6 24. Rh6 Qg7 25. fxg4 Bxg4 26. Qf2 Bg5 27. R6h2 Qg6 28. Ka1 Kg7 29. a3 Rab8 30. Ka2 Rb7 31. Qc2 Rbb8 32. Ne2 Bd7 33. a4 Bxb5 34. axb5 Rh8 35. Ng1 Rxh2 36. Rxh2 Bf6 37. Qe2 Rg8 38. Qf3 Kf7 39. Rh5 Ke8 40. Rh2 Kd7 41. Qh3+ Qg4 42. Qb3 f3 43. Rh7+ Be7 44. b6 cxb6 45. Qb5+ Kd8 46. Qxb6+ Ke8 47. Qb8+ Bd8 48. gxf3 Qxg1 49. Qb5+ Kf8 50. Qd7 Rg7 51. Rh8+ Rg8 52. Qxd8+ Kf7 53. Qd7+ 1-0

[Event "Wch U18"]
[Site "Florianopolis"]
[Date "2024.10.30"]
[Round "2"]
[White "Garzon Zapatanga, Christopher Leonel"]
[Black "Arfan, Aditya Bagus"]
[Result "1-0"]
[WhiteElo "2253"]
[BlackElo "2405"]
[PlyCount "101"]
[EventDate "2024.10.29"]
[EventType "swiss"]
[EventRounds "11"]
[EventCountry "BRA"]
[SourceTitle "CB45_2024"]
[Source "ChessBase"]
[SourceDate "2024.11.06"]
[SourceVersion "1"]
[SourceVersionDate "2024.11.06"]
[SourceQuality "1"]

1. e4 c6 2. d4 d5 3. Nc3 dxe4 4. Nxe4 Bf5 5. Ng3 Bg6 6. h4 h6 7. Nf3 Nd7 8. h5 Bh7 9. Bd3 Bxd3 10. Qxd3 e6 11. Bd2 Ngf6 12. 0-0-0 Be7 13. Kb1 0-0 14. Ne4 c5 15. Be3 Qc7 16. dxc5 Rfd8 17. Nxf6+ Nxf6 18. Bd4 Bxc5 19. Qc3 Ne4 20. Qe3 Bxd4 21. Nxd4 Nf6 22. Qe2 Qf4 23. Nb3 Qe4 24. Qxe4 Nxe4 25. Rdf1 a5 26. Rh4 f5 27. f3 Nd2+ 28. Nxd2 Rxd2 29. Re1 Rxg2 30. a4 Rc8 31. Rxe6 b5 32. Re5 Rcxc2 33. Rxb5 Rcf2 34. Rf4 Kf7 35. Rfxf5+ Ke6 36. Rfc5 Rxf3 37. Rb6+ Kd7 38. Rxa5 Kc7 39. Rab5 Rg1+ 40. Ka2 Rff1 41. Rb7+ Kc6 42. R5b6+ Kc5 43. Rg6 Rh1 44. Rb5+ Kc4 45. Rg4+ Kd3 46. Rxg7 Ra1+ 47. Kb3 Rh3 48. Rc7 Kd4+ 49. Rc3 Rh2 50. a5 Ke4 51. Rc4+ 1-0

[Event "Wch U18"]
[Site "Florianopolis"]
[Date "2024.10.29"]
[Round "1"]
[White "Rubio Chanchay, Ostin Jose"]
[Black "Garzon Zapatanga, Christopher Leonel"]
[Result "0-1"]
[WhiteElo "1751"]
[BlackElo "2253"]
[PlyCount "64"]
[EventDate "2024.10.29"]
[EventType "swiss"]
[EventRounds "11"]
[EventCountry "BRA"]
[SourceTitle "CB45_2024"]
[Source "ChessBase"]
[SourceDate "2024.11.06"]
[SourceVersion "1"]
[SourceVersionDate "2024.11.06"]
[SourceQuality "1"]

1. e4 c5 2. Nf3 d6 3. d4 cxd4 4. Nxd4 Nf6 5. Nc3 a6 6. Be3 e5 7. Nb3 Be6 8. f3 Be7 9. Qd2 Nbd7 10. g4 b5 11. g5 b4 12. Ne2 Nh5 13. Ng3 Nxg3 14. hxg3 a5 15. f4 Qc7 16. f5 Bc4 17. Bxc4 Qxc4 18. Qd3 Rc8 19. Nxa5 Qxc2 20. Qxc2 Rxc2 21. Kd1 Rxb2 22. f6 gxf6 23. Rc1 Nc5 24. gxf6 Rxa2 25. Nc4 Bf8 26. Nxd6+ Bxd6 27. Bxc5 Bxc5 28. Rxc5 0-0 29. Rh5 b3 30. Rg5+ Kh8 31. Rgxe5 Ra1+ 32. Kd2 b2 0-1

[Event "Iberoamerican-ch 10th"]
[Site "Linares"]
[Date "2024.09.28"]
[Round "6"]
[White "Garzon Zapatanga, Christopher Leonel"]
[Black "Domingo Nunez, Alejandro"]
[Result "1-0"]
[WhiteElo "2216"]
[BlackElo "2328"]
[PlyCount "55"]
[EventDate "2024.09.25"]
[EventType "swiss"]
[EventRounds "9"]
[EventCountry "ESP"]
[SourceTitle "EXT 2025"]
[Source "ChessBase"]
[SourceDate "2024.10.14"]
[SourceVersion "1"]
[SourceVersionDate "2024.10.14"]
[SourceQuality "1"]

1. e4 g6 2. d4 Bg7 3. Nc3 c6 4. Be3 d5 5. e5 f6 6. f4 Nh6 7. Nf3 Bg4 8. Be2 0-0 9. Qd2 Nf5 10. Bf2 Bh6 11. g3 Bxf3 12. Bxf3 Nd7 13. Qe2 fxe5 14. dxe5 e6 15. 0-0-0 g5 16. g4 Ne7 17. f5 exf5 18. Kb1 Bg7 19. Bd4 fxg4 20. Bxg4 Ng6 21. h4 Ndxe5 22. Be6+ Kh8 23. hxg5 Qxg5 24. Rdg1 Qe7 25. Qh5 Bf6 26. Bf5 Nh4 27. Bxe5 Nxf5 28. Qxf5 1-0

[Event "Iberoamerican-ch 10th"]
[Site "Linares"]
[Date "2024.09.27"]
[Round "4"]
[White "Veiga, Jose Francisco RP"]
[Black "Garzon Zapatanga, Christopher Leonel"]
[Result "1-0"]
[WhiteElo "2404"]
[BlackElo "2216"]
[PlyCount "172"]
[EventDate "2024.09.25"]
[EventType "swiss"]
[EventRounds "9"]
[EventCountry "ESP"]
[SourceTitle "EXT 2025"]
[Source "ChessBase"]
[SourceDate "2024.10.14"]
[SourceVersion "1"]
[SourceVersionDate "2024.10.14"]
[SourceQuality "1"]

1. e4 c5 2. Nc3 Nc6 3. Nf3 g6 4. Bb5 Bg7 5. 0-0 Nd4 6. Bc4 e6 7. Nxd4 cxd4 8. Nb5 Qb6 9. c3 d5 10. exd5 exd5 11. Qe2+ Ne7 12. Bb3 Be6 13. Nxd4 Bxd4 14. Ba4+ Nc6 15. cxd4 0-0 16. Bxc6 Qxc6 17. d3 Rfe8 18. Be3 Qa6 19. g4 Bd7 20. h3 f5 21. Qf3 Qxd3 22. Qxd5+ Be6 23. Qg2 fxg4 24. hxg4 Rad8 25. Rfd1 Qe2 26. d5 Qxg4 27. d6 Qh5 28. Rd4 Bd7 29. Rc1 Bc6 30. Rxc6 bxc6 31. d7 Re7 32. Qxc6 Qf5 33. Qc4+ Rf7 34. Rd5 Qe6 35. Qc7 Rfxd7 36. Qxd8+ Rxd8 37. Rxd8+ Kf7 38. Ra8 Qg4+ 39. Kh2 Qh5+ 40. Kg1 Qd1+ 41. Kh2 Qd6+ 42. Kg1 a6 43. Ra7+ Ke6 44. Rxh7 Qd1+ 45. Kh2 Qd5 46. b3 Qe5+ 47. Kg2 Qb2 48. Rh4 Qxa2 49. Re4+ Kf5 50. Rf4+ Ke5 51. b4 Qd5+ 52. Kh2 Qd1 53. Rc4 Qb3 54. Rg4 Kf5 55. Kg3 Qd1 56. Rg5+ Ke4 57. Rg4+ Kf5 58. Rd4 Qh1 59. Rf4+ Ke5 60. Bd4+ Kd5 61. Be3 Ke5 62. Rh4 Qg1+ 63. Kf3 Qd1+ 64. Kg2 Qd5+ 65. f3 Qd3 66. Re4+ Qxe4 67. fxe4 Kxe4 68. Bb6 Kf4 69. Bc7+ Kg4 70. Kf2 Kf5 71. Ke3 Ke6 72. Kf4 Kf6 73. Bd8+ Ke6 74. Kg5 Kf7 75. Ba5 Kg7 76. Bb6 Kf7 77. Bc7 Kg7 78. Kf4 Kf6 79. Ke4 Ke6 80. Kd4 Kd7 81. Bf4 Kc6 82. Kc4 Kb6 83. Bg5 Kc6 84. Be3 Kd6 85. Kb3 Kc6 86. Ka4 Kd5 1-0

[Event "Cuenca Crespi Memorial"]
[Site "Cuenca"]
[Date "2024.04.26"]
[Round "6"]
[White "Tenesaca Argudo, Juan"]
[Black "Garzon Zapatanga, Christopher Leonel"]
[Result "0-1"]
[WhiteElo "2017"]
[BlackElo "2193"]
[PlyCount "82"]
[EventDate "2024.04.24"]
[EventType "swiss"]
[EventRounds "9"]
[EventCountry "ECU"]
[SourceTitle "EXT 2025"]
[Source "ChessBase"]
[SourceDate "2024.10.14"]
[SourceVersion "1"]
[SourceVersionDate "2024.10.14"]
[SourceQuality "1"]

1. e4 c6 2. d4 d5 3. Nc3 dxe4 4. Nxe4 g6 5. Nf3 Bg7 6. c3 Qc7 7. Bc4 Nf6 8. Nxf6+ Bxf6 9. Bh6 e6 10. 0-0 Nd7 11. Re1 Nb6 12. Nd2 Qe7 13. Qf3 Bg5 14. Bxg5 Qxg5 15. Ne4 Qe7 16. Nf6+ Kf8 17. Bb3 Kg7 18. Ng4 h5 19. Ne5 Nd7 20. Nd3 Qf6 21. Qg3 h4 22. Qe3 h3 23. g3 b6 24. f4 Bb7 25. Ne5 Nxe5 26. fxe5 Qe7 27. Rf1 c5 28. Rf4 cxd4 29. cxd4 Rh5 30. Bc2 Rc8 31. Bd3 Qd7 32. g4 Rh4 33. Raf1 Rf8 34. Be4 Bxe4 35. Qxe4 g5 36. R4f3 Qd5 37. Re3 Rd8 38. Rd1 Rc8 39. Rde1 Rc4 40. Rd1 Qxe4 41. Rxe4 Rc2 0-1

[Event "Cuenca Crespi Memorial"]
[Site "Cuenca"]
[Date "2024.04.24"]
[Round "1"]
[White "Garzon Zapatanga, Christopher Leonel"]
[Black "Giler Moncayo, Guillermo Isaac"]
[Result "1-0"]
[WhiteElo "2193"]
[BlackElo "1504"]
[PlyCount "102"]
[EventDate "2024.04.24"]
[EventType "swiss"]
[EventRounds "9"]
[EventCountry "ECU"]
[SourceTitle "EXT 2025"]
[Source "ChessBase"]
[SourceDate "2024.10.14"]
[SourceVersion "1"]
[SourceVersionDate "2024.10.14"]
[SourceQuality "1"]

1. e4 e6 2. d4 b6 3. g3 Bb7 4. Bg2 d5 5. e5 c5 6. c3 Nc6 7. Nf3 cxd4 8. cxd4 Bb4+ 9. Nc3 Nge7 10. 0-0 Bxc3 11. bxc3 h6 12. Nh4 g5 13. Nf3 Ng6 14. Ba3 Nce7 15. Nd2 Qd7 16. c4 Rc8 17. cxd5 Bxd5 18. Ne4 Bxe4 19. Bxe4 0-0 20. Bd6 Rfd8 21. a4 Nd5 22. Bxd5 exd5 23. a5 Kh7 24. Qf3 Qe6 25. Rfb1 g4 26. Qd3 Rc6 27. axb6 axb6 28. Ra6 Kg7 29. Raxb6 Rcc8 30. Bc5 Qd7 31. Qe2 Qf5 32. R1b4 Rc7 33. Rb8 Rcc8 34. Rxc8 Rxc8 35. Rb7 Kg8 36. Qe3 h5 37. Rb6 Ra8 38. Ba3 h4 39. Bc1 Rc8 40. Bd2 Ra8 41. e6 Ra2 42. Be1 Qe4 43. Qxe4 dxe4 44. Kf1 hxg3 45. hxg3 Ne7 46. Rb7 Kf8 47. Kg2 Ra4 48. Rb3 Nf5 49. Kf1 Ke7 50. d5 fxe6 51. dxe6 Kxe6 1-0

[Event "Cuenca Crespi Memorial"]
[Site "Cuenca"]
[Date "2024.04.24"]
[Round "2"]
[White "Ochoa Simisterra, Abraham David"]
[Black "Garzon Zapatanga, Christopher Leonel"]
[Result "1/2-1/2"]
[WhiteElo "1786"]
[BlackElo "2193"]
[PlyCount "72"]
[EventDate "2024.04.24"]
[EventType "swiss"]
[EventRounds "9"]
[EventCountry "ECU"]
[SourceTitle "EXT 2025"]
[Source "ChessBase"]
[SourceDate "2024.10.14"]
[SourceVersion "1"]
[SourceVersionDate "2024.10.14"]
[SourceQuality "1"]

1. Nf3 Nf6 2. g3 g6 3. Bg2 Bg7 4. 0-0 0-0 5. c4 c5 6. d4 cxd4 7. Nxd4 Nc6 8. Nc3 Nxd4 9. Qxd4 d6 10. Qd2 a6 11. b3 Rb8 12. Bb2 b5 13. cxb5 axb5 14. Rfd1 Bd7 15. Rac1 b4 16. Nd5 Nxd5 17. Bxg7 Kxg7 18. Qxd5 Rb5 19. Qd4+ Kg8 20. Rd2 Qa5 21. Rdc2 Bf5 22. e4 Be6 23. Bf1 Rbb8 24. Bd3 Ra8 25. Kg2 Rfb8 26. Be2 d5 27. Rd2 dxe4 28. Qxe4 Rd8 29. Rcd1 Rxd2 30. Rxd2 Rc8 31. Bf3 Qc5 32. Rd4 Bf5 33. Qh4 e5 34. Rc4 Qd6 35. Bb7 Rxc4 36. Qxc4 Be6 1/2-1/2

[Event "ECU pre olympic"]
[Site "Quito"]
[Date "2024.04.13"]
[Round "9"]
[White "Bone Nunoz, Luis Jhonny"]
[Black "Garzon Zapatanga, Christopher Leonel"]
[Result "0-1"]
[WhiteElo "1989"]
[BlackElo "2193"]
[PlyCount "44"]
[EventDate "2024.04.09"]
[EventType "tourn"]
[EventRounds "11"]
[EventCountry "ECU"]
[SourceTitle "EXT 2025"]
[Source "ChessBase"]
[SourceDate "2024.10.14"]
[SourceVersion "1"]
[SourceVersionDate "2024.10.14"]
[SourceQuality "1"]

1. c4 e5 2. g3 Nc6 3. Bg2 d6 4. Nc3 g6 5. e3 Be6 6. Nd5 Bg7 7. Ne2 Qd7 8. d4 h5 9. Nxc7+ Qxc7 10. d5 Bd7 11. dxc6 Bxc6 12. e4 h4 13. Nc3 Ne7 14. Bg5 Nf5 15. Nd5 Bxd5 16. Qxd5 Nd4 17. 0-0-0 Rc8 18. Kb1 f6 19. Be3 Qxc4 20. Qxd6 Bh6 21. Bxd4 hxg3 22. Rhg1 exd4 0-1

[Event "ECU pre olympic"]
[Site "Quito"]
[Date "2024.04.13"]
[Round "10"]
[White "Garzon Zapatanga, Christopher Leonel"]
[Black "Carrasco Jacome, Bryan Ricardo"]
[Result "0-1"]
[WhiteElo "2193"]
[BlackElo "2151"]
[PlyCount "72"]
[EventDate "2024.04.09"]
[EventType "tourn"]
[EventRounds "11"]
[EventCountry "ECU"]
[SourceTitle "EXT 2025"]
[Source "ChessBase"]
[SourceDate "2024.10.14"]
[SourceVersion "1"]
[SourceVersionDate "2024.10.14"]
[SourceQuality "1"]

1. e4 c5 2. Nf3 Nc6 3. Bc4 a6 4. a4 Nf6 5. d3 e6 6. Qe2 Be7 7. e5 Nd5 8. c3 b6 9. 0-0 Bb7 10. d4 Na5 11. dxc5 Nxc4 12. Qxc4 Bxc5 13. Qg4 Qc7 14. b4 Be7 15. Bb2 h5 16. Qd4 g5 17. Ne1 Nf4 18. Qe3 a5 19. Ba3 Nd5 20. Qd2 Qxe5 21. Nd3 Qf5 22. bxa5 Rxa5 23. Bxe7 Kxe7 24. c4 Nf4 25. Qb4+ d6 26. Nxf4 gxf4 27. Nd2 Rg8 28. f3 Qh3 29. Rf2 Rag5 30. Qxb6 Rxg2+ 31. Kf1 Rxf2+ 32. Kxf2 Qxh2+ 33. Ke1 Rg1+ 34. Nf1 Qg3+ 35. Qf2 Ba6 36. Rc1 h4 0-1

[Event "ECU pre olympic"]
[Site "Quito"]
[Date "2024.04.12"]
[Round "7"]
[White "Garzon Zapatanga, Christopher Leonel"]
[Black "Moreno Viteri, Oscar Antonio"]
[Result "1/2-1/2"]
[WhiteElo "2193"]
[BlackElo "1890"]
[PlyCount "81"]
[EventDate "2024.04.09"]
[EventType "tourn"]
[EventRounds "11"]
[EventCountry "ECU"]
[SourceTitle "EXT 2025"]
[Source "ChessBase"]
[SourceDate "2024.10.14"]
[SourceVersion "1"]
[SourceVersionDate "2024.10.14"]
[SourceQuality "1"]

1. e4 e6 2. d4 d5 3. e5 c5 4. c3 Qa5 5. a3 Nc6 6. dxc5 Qc7 7. f4 Bxc5 8. Nf3 a6 9. b4 Ba7 10. Bd3 f6 11. Qe2 fxe5 12. fxe5 Nge7 13. Bf4 0-0 14. Bg3 Nf5 15. Nbd2 Bd7 16. Rc1 Ncd4 17. Nxd4 Bxd4 18. c4 Nxg3 19. hxg3 Bf2+ 20. Kd1 Ba4+ 21. Bc2 Bxc2+ 22. Rxc2 Bxg3 23. cxd5 Qxe5 24. Qxe5 Bxe5 25. dxe6 Rfe8 26. Re1 Bg3 27. Re4 Rf8 28. Nf3 h6 29. Rce2 g5 30. Kc2 Kg7 31. Nd4 Kh7 32. Nb3 Rac8+ 33. Kd3 Rcd8+ 34. Kc3 Rc8+ 35. Kb2 Rc6 36. Nd4 Rd6 37. Kb3 Bf2 38. Nf3 Bb6 39. Ne5 Rxe6 40. Ng4 Rxe4 41. Rxe4 1/2-1/2